000 00237nam a2200109 a 4500
008 110412s1968|||| d
245 1 0 _aDějiny světa 10
260 _bSvoboda
_aPraha
_c1968
020 _c79
041 _aces
044 _aCZ
999 _c18951
_d18951